|
|
|
|
| LEADER |
00000nam0a2200000 4500 |
| 001 |
276109 |
| 005 |
20231031230935.0 |
| 035 |
|
|
|a (RuTPU)RU\TPU\book\299367
|
| 090 |
|
|
|a 276109
|
| 100 |
|
|
|a 20141119d1984 k y0rusy5003 ca
|
| 101 |
0 |
|
|a rus
|
| 102 |
|
|
|a RU
|
| 105 |
|
|
|a a z 000zy
|
| 200 |
1 |
|
|a Повышение эффективности теплоэнергетического оборудования тепловых электрических станций
|e межвузовский сборник научных трудов
|f Ивановский энергетический институт (ИЭИ) ; под ред. С. Г. Ушакова
|
| 210 |
|
|
|a Иваново
|c Изд-во Ивановского гос. ун-та
|d 1984
|
| 215 |
|
|
|a 171 с.
|c ил.
|
| 606 |
1 |
|
|a Тепловые электрические станции
|x Теплосиловое оборудование
|2 stltpush
|3 (RuTPU)RU\TPU\subj\59694
|
| 610 |
1 |
|
|a экономическая эффективность
|
| 610 |
1 |
|
|a ТЭС
|
| 610 |
1 |
|
|a водоподготовка
|
| 610 |
1 |
|
|a жидкое топливо
|
| 610 |
1 |
|
|a теплообменные аппараты
|
| 675 |
|
|
|a 621.311.22.002.5:621.1
|z rus
|v 3
|
| 702 |
|
1 |
|a Ушаков
|b С. Г.
|4 340
|
| 712 |
0 |
2 |
|a Ивановский энергетический институт (ИЭИ)
|c (1930-1992)
|2 stltpush
|3 (RuTPU)RU\TPU\col\6341
|
| 801 |
|
0 |
|a RU
|b RuMRKP
|c 19950704
|g psbo
|
| 801 |
|
1 |
|a RU
|b 63413507
|c 20141119
|
| 801 |
|
2 |
|a RU
|b 63413507
|c 20170130
|g RCR
|
| 942 |
|
|
|c BK
|